| 000 | 00751nam a2200241Ia 4500 | ||
|---|---|---|---|
| 003 | OSt | ||
| 005 | 20220923210950.0 | ||
| 006 | a|||||r|||| 00| 0 | ||
| 007 | ta | ||
| 008 | Pun | ||
| 020 | _a8126019655 (hbk) | ||
| 024 | _a235,027 | ||
| 037 | _cTextual | ||
| 040 |
_aARTS _cARTS _bPun |
||
| 041 |
_2Pun _aPun |
||
| 082 | _aO33,3N31,PA, 153P5 | ||
| 100 |
_aਭਾਈਰੱਪਾ, ਐਮ ਐਲ; ਜੌਲੀ, ਲਵਲੀਨ, ੳਗ. _9156643 |
||
| 245 | 0 | _aਪਰਵਾ | |
| 260 |
_aਦਿੱਲੀ _b ਸਾਹਿਤ ਅਕਾਦੇਮੀ _c2005 |
||
| 300 |
_a864ਪੰ _ccm. |
||
| 942 |
_hO33,3N31,PA, 153P5 _cTEXL _2CC |
||
| 999 |
_c293267 _d293267 |
||